000
00241nam a2200097Ia 4500
008
190216s9999||||xx |||||||||||||| ||und||
100
_a
Null
245
0
_a
Cultivation Of Onion And Garlic In India
260
_b
Agricultural Research
942
_c
BK
999
_c
1920
_d
1920